Database System Implementation (Record no. 346592)

000 -LEADER
fixed length control field 00416 a2200157 4500
003 - CONTROL NUMBER IDENTIFIER
control field OSt
005 - DATE AND TIME OF LATEST TRANSACTION
control field 20180116182823.0
008 - FIXED-LENGTH DATA ELEMENTS--GENERAL INFORMATION
fixed length control field 170721b xxu||||| |||| 00| 0 eng d
020 ## - INTERNATIONAL STANDARD BOOK NUMBER
International Standard Book Number 9788178082998
040 ## - CATALOGING SOURCE
Transcribing agency 0
082 ## - DEWEY DECIMAL CLASSIFICATION NUMBER
Classification number 005.74 MOL 2000
100 ## - MAIN ENTRY--PERSONAL NAME
Personal name Hedtor Garcia Molina
245 ## - TITLE STATEMENT
Title Database System Implementation
260 ## - PUBLICATION, DISTRIBUTION, ETC.
Place of publication, distribution, etc. Perason Education Asia
Name of publisher, distributor, etc. New Delhi
Date of publication, distribution, etc. 2000
942 ## - ADDED ENTRY ELEMENTS (KOHA)
Institution code [OBSOLETE] NBS
Koha item type Book
Call number prefix 005.74 MOL
Source of classification or shelving scheme
Holdings
Withdrawn status Lost status Damaged status Not for loan Permanent Location Current Location Shelving location Date acquired Total Checkouts Full call number Barcode Date last seen Date last checked out Price effective from Koha item type
        Central Library (CL) Central Library (CL) First Floor - Databases 08/28/2013 2 005.74 MOL NBS4723 11/22/2017 08/01/2017 08/28/2013 Book
© 2023 Central Library, National University of Sciences and Technology. All Rights Reserved.